banner-ar

الخداع الرقمى : (Record no. 67691)

MARC details
000 -الفاتح
حقل البيانات ثابتة الطول 00922nam a2200241Ia 4500
005 - وقت وتاريخ اخر تعامل مع التسجيلة
رقم الضبط 20250622124038.0
008 - عناصر البيانات ثابتة الطول - معلومات عامة
حقل البيانات ثابتة الطول 250617s9999||||xx |||||||||||||| ||ara||
017 ## - رقم الايداع القانونى
رقم الايداع القانونى 2025/3047
المصدر ( الهيئة المختصة) مصر. دار الكتب
020 ## - الرقم الدولى المعيارى للكتب
الرقم الدولى المعيارى للكتاب 9789777552523
082 04 - رقم تصنيف ديوى العشرى
رقم التصنيف "364,168"
رقم المادة أ خ
100 0# - المدخل الرئيسى - إسم شخصى
الإسم الشخصى أحمد محمد السيد
245 10 - بيان العنوان
العنوان الخداع الرقمى :
بقية العنوان كيف يغير Deepfake عالمنا /
بيان المسئوليه,etc إعداد أحمد محمد السيد
250 ## - بيان الطبعة
بيان الطبعة ط1
260 3# - PUBLICATION, DISTRIBUTION, ETC. (IMPRINT)
تاريخ النشر أو التوزيع 2025.
300 ## - الوصف المادى
التعداد 285ص ؛
تفاصيل ماديه اخرى للوعاء
أبعاد الوعاء 24سم.
650 ## - المدخل الاضافى بالموضوع-مصطلح موضوعى
مصطلح موضوعي "a
650 ## - المدخل الاضافى بالموضوع-مصطلح موضوعى
مصطلح موضوعي الحاسبات الإلكترونية
التقسيم الفرعي العام برامج
650 ## - المدخل الاضافى بالموضوع-مصطلح موضوعى
مصطلح موضوعي الحاسبات الإلكترونية
التقسيم الفرعي العام جرائم
650 ## - المدخل الاضافى بالموضوع-مصطلح موضوعى
مصطلح موضوعي الخداع الرقمى
650 ## - المدخل الاضافى بالموضوع-مصطلح موضوعى
مصطلح موضوعي جرائم الاحتيال والنصب
942 ## - عناصر المدخل الإضافي( كوها)
Koha [default] item type كتاب
260 3# - PUBLICATION, DISTRIBUTION, ETC. (IMPRINT)
-- القاهرة :
-- "دار السحاب للنشر والتوزيع،"
650 ## - المدخل الاضافى بالموضوع-مصطلح موضوعى
-- المعلومات، علم"
Holdings
حالة التراجع حالة الفقد حالة تلف ليس للاعارة المكان المؤقت الموقع الحالى موقع الترفيف تاريخ الاكتساب اجمالي اﻻعارات تاريخ اخر مشاهدة تاريخ تفعيل السعر نوع وعاء كوها
        مكتبة القاهرة الكبرى مكتبة القاهرة الكبرى القاعة الرئيسية 06/22/2025   06/22/2025 06/22/2025 كتاب

Powered By

EGPV